ʻUmar the great, (Record no. 53592)

MARC details
000 -LEADER
fixed length control field 00645cam a22002171 4500
001 - CONTROL NUMBER
control field sa 63000722
003 - CONTROL NUMBER IDENTIFIER
control field DLC
005 - DATE AND TIME OF LATEST TRANSACTION
control field 20260227111923.0
008 - FIXED-LENGTH DATA ELEMENTS--GENERAL INFORMATION
fixed length control field 791121m19479999pk 000 0 eng
010 ## - LIBRARY OF CONGRESS CONTROL NUMBER
LC control number sa 63000722
035 ## - SYSTEM CONTROL NUMBER
System control number (OCoLC)5721900
040 ## - CATALOGING SOURCE
Original cataloging agency DLC
Transcribing agency MiEM
Modifying agency DLC
042 ## - AUTHENTICATION CODE
Authentication code premarc
050 00 - LIBRARY OF CONGRESS CALL NUMBER
Classification number DS238.U5
Item number S53
100 0# - MAIN ENTRY--PERSONAL NAME
Personal name Shiblī Nuʻmānī,
Dates associated with a name 1857-1914.
245 10 - TITLE STATEMENT
Title ʻUmar the great,
Remainder of title the second Caliph of Islam.
Statement of responsibility, etc. Translated by Maulânâ Zafar ʻAli Khân.
250 ## - EDITION STATEMENT
Edition statement [3d rev. ed.]
260 ## - PUBLICATION, DISTRIBUTION, ETC.
Place of publication, distribution, etc. Lahore,
Name of publisher, distributor, etc. Muhammad Ȧshraf
Date of publication, distribution, etc. [1947-
300 ## - PHYSICAL DESCRIPTION
Extent v.
Dimensions 21 cm.
600 00 - SUBJECT ADDED ENTRY--PERSONAL NAME
Personal name ʻUmar ibn al-Khaṭṭāb,
Titles and other words associated with a name Caliph,
Dates associated with a name -644.

No items available.

Powered by Koha